| 000 | 00611nam a22001697a 4500 | ||
|---|---|---|---|
| 003 | NUST | ||
| 005 | 20260413145009.0 | ||
| 008 | 260413b ||||| |||| 00| 0 eng d | ||
| 020 | _a978-9699111006 | ||
| 082 |
_a551.09 _bPAK |
||
| 100 |
_aMuhammad Arshad, Syed Shahid Hussain, Hamid Dawood. _9134072 |
||
| 245 |
_aContribution of Geology of Pakistan / _bProceeding of 5th Pakistan Geological Congress 2004 / _cMuhammad Arshad, Syed Shahid Hussain, Hamid Dawood. |
||
| 260 |
_aPakistan: _bNational Geological Society of Pakistan, _c2007. |
||
| 300 |
_a324 p ; _c28.1 cm |
||
| 563 | _aHardcover | ||
| 942 |
_2ddc _cBK |
||
| 999 |
_c617002 _d617002 |
||